000 01373cam a22002653a 4500
001 7098
003 PGUSA
005 20140828083140.0
008 041201s2004||||xxu|||||s|||||000 | eng d
040 _aPGUSA
_beng
042 _adc
050 4 _aPZ
100 1 _aHigginson, Thomas Wentworth,
_d1823-1911
245 1 0 _aTales of the Enchanted Islands of the Atlantic
_h[electronic resource] /
_cThomas Wentworth Higginson
260 _bProject Gutenberg,
_c2004
505 0 _aThe story of Atlantis -- Taliessin of the radiant brow -- The swan-children of Lir -- Usheen in the Island of Youth -- Bran the Blessed -- The Castle of the Active Door -- Merlin the enchanter -- Sir Lancelot of the Lake -- The Half-Man -- King Arthur at Avalon -- Maelduin's voyage -- The voyage of St. Brandan -- Kirwan's search for Hy-Brasail -- The Isle of Satan's Hand -- Antillia, the Island of the Seven Cities -- Harald the Viking -- The search for Norumbega -- The guardians of the St. Lawrence -- The Island of Demons -- Bimini and the Fountain of Youth.
506 _aPublic domain in the USA.
516 _aElectronic text
653 _aMythology -- Juvenile literature
653 _aGeographical myths -- Juvenile literature
653 _aLegends -- Juvenile literature
830 0 _aProject Gutenberg
_v7098
856 4 0 _uhttp://www.gutenberg.org/ebooks/7098
942 _cEB
999 _c236418
_d236418